000 00834nam a22002177a 4500
010 _aB-276964
020 _a9781600301049
035 _aB-276964
037 _bCen Lib / Ret
040 _aDPL
_bEN
082 _a050.25
_bULR
245 _aUlrich's periodicals directory 2008 :
_binternational periodicals information since 1932 : including irregular serials & annuals /
250 _a46th ed
260 _aNew Providence, N.J
_bProQues
_c2008
270 _a630 Central Avenue
_bNew Providence, N.J
300 _a4 v ; (v 1. lii,3373 ; v 2. 3375-6756 ; v 3. 6757-10146 ; v 4. 10147-13258)
_c27cm(Hb)
505 _a4 v ; v. 1. A--Edu-c ; v. 2. Edu-G-Med-G ; v. 3. Med-H-Z ;v. 4. Indexes.
650 _aPeriodicals -- Directories.
650 _aPeriodicals -- Directory.
942 _2ddc
_cEN
_h050.25
_mULR
999 _c136961
_d136961